000 00631nam a2200145 4500
999 _c15845
_d15845
008 201215b ||||| |||| 00| 0 eng d
022 _a10422587
082 _aDPer 658.405 En86 2012 v.36 n.6
100 _aDe Massis, Alfredo
_942678
245 _aFamily involvement and procedural justice climate among nonfamily managers:
_bthe effects of affect, social identities, trust, and risk of non-reciprocity/
_cAlfredo De Massis.
260 _aHoboken, NJ:
_bWiley Subscription Services, Inc.,
_c©2012.
300 _aV36 n6, 1227-1234 pages:
_billustrations:
_c25 cm.
650 _aBusiness enterprises
_xFamily.
_942667
942 _2ddc
_cPER